De las elecciones y otros demonios que nos arropan / (Registro nro. 8132)

Detalles MARC
000 -LIDER
fixed length control field 01111nam a2200289 a 4500
001 - NÚMERO DE CONTROL
Identificador de número de control 000037771
003 - IDENTIFICACDOR DE NÚMERO DE CONTROL
control field DO-SdBNP
005 - DATE AND TIME OF LATEST TRANSACTION
control field 20230201121816.0
007 - CAMPOS FIJOS DE DESCRIPCIÓN FÍSICA
fixed length control field 000037771
008 - ELEMENTOS DE LONGITUD FIJA
fixed length control field 130305s2007 dr 001 0 spa d
040 ## - FUENTE DE CATALOGACIÓN
Agencia que crea de manera original el registro BPMSU
Idioma de catalogación spa
Agencia que realiza la transcripción BPMSU
082 #4 - NÚMERO DE CLASIFICACIÓN DECIMAL DE DEWEY
Classification number 320.97293
Item number G993d 2007
Edition number 22
100 1# - ASIENTO PRINCIPAL -- NOMBRE PERSONAL
Nombre personal Guzmán Ramírez, Nelson Antonio,
Fechas asociadas con el nombre 1948-
245 10 - MENCIÓN DE TITULO
Título De las elecciones y otros demonios que nos arropan /
Mención de responsabilidad Nelson Antonio Guzmán Ramírez ; prólogo Zacarías Payano Almánzar.
260 ## - PUBLICACIÓN, DISTRIBUCIÓN, ETC. (PIE DE IMPRENTA)
Lugar de publicación, distribución, etc Santo Domingo :
Nombre del editor, distribuidor, etc. Impresora Soto Castillo,
Fecha de publicación, distribución, etc 2007.
300 ## - DESCRIPCIÓN FÍSICA
Extensión 151 p. ;
Dimensiones 23 cm.
500 ## - NOTA GENERAL
Nota general Incluye datos biográficos del autor en la contracubierta.
504 ## - NOTA DE BIBLIOGRAFÍA, ETC.
Bibliography, etc Bibliografía : p. 147-151.
590 ## - NOTA LOCAL
Enlace Inventariado, 2021/VM
650 #4 - ENCABEZAMIENTO DE MATERIA--TEMÁTICO
Término temático o nombre geográfico como elemento de entrada Elecciones
Subdivisión geográfica República Dominicana
650 #4 - ENCABEZAMIENTO DE MATERIA--TEMÁTICO
Término temático o nombre geográfico como elemento de entrada Partidos políticos
Subdivisión geográfica República Dominicana
651 #4 - ENCABEZAMIENTO DE MATERIA--NOMBRE GEOGRÁFICO
Nombre geográfico República Dominicana
Subdivisión temática general Política y gobierno
Subdivisión cronológica 1961-
651 #4 - ENCABEZAMIENTO DE MATERIA--NOMBRE GEOGRÁFICO
Nombre geográfico República Dominicana
Subdivisión temática general Historia constitucional
700 1# - ASIENTO SECUNDARIO -- NOMBRE PERSONAL
Nombre personal Payano Almánzar, Zacarías,
Mención de responsabilidad pról.
910 ## - VALIDACIÓN
Validación VMateo M /Validado. Control de calidad EMS
942 ## - ADDED ENTRY ELEMENTS (KOHA)
Source of classification or shelving scheme Dewey Decimal Classification
Koha item type Libros
Existencias
Withdrawn status Lost status Source of classification or shelving scheme Damaged status Not for loan Collection code Home library Current library Date acquired Source of acquisition Full call number Barcode Date last seen Price effective from Koha item type Copy number
    Dewey Decimal Classification     Colección Dominicana Biblioteca Pública Metropolitana Salomé Ureña Biblioteca Pública Metropolitana Salomé Ureña 08/07/2015 FUNDI BPMSU CD 320.97293 G993d 2007 BPMSU15080231 08/07/2015 08/07/2015 Libros  
    Dewey Decimal Classification     Colección Dominicana Biblioteca Pública Metropolitana Salomé Ureña Biblioteca Pública Metropolitana Salomé Ureña 10/16/2017 FUNDI BPMSU CD 320.97293 G993d 2007 BPMSU17100031 10/16/2017 10/16/2017 Libros e. 2
    Dewey Decimal Classification     Colección Dominicana Biblioteca Pública Metropolitana Salomé Ureña Biblioteca Pública Metropolitana Salomé Ureña 11/13/2017 FUNDI BPMSU CD 320.97293 G993d 2007 BPMSU17110175 11/13/2017 11/13/2017 Libros e.3